Теория и практика гуманизации педагогического процесса (Запись № 10371259)
[ простой вид ]
| 000 -МАРКЕР | |
|---|---|
| контрольное поле | 02809nas1a22002651i 4500 |
| 001 - ИДЕНТИФИКАТОР ЗАПИСИ | |
| контрольное поле | RU\NLR\Per\994924 |
| 005 - ИДЕНТИФИКАТОР ВЕРСИИ | |
| контрольное поле | 20260409064222.0 |
| 035 ## - ДРУГИЕ СИСТЕМНЫЕ НОМЕРА | |
| Идентификатор записи | (NLR Aleph) 010234650 |
| 100 ## - ДАННЫЕ ОБЩЕЙ ОБРАБОТКИ | |
| Данные общей обработки | 20131213a200 9999|||y0rusy50 ca |
| 101 0# - ЯЗЫК РЕСУРСА | |
| Язык текста, звукозаписи и т.д. | русский |
| 102 ## - СТРАНА ПУБЛИКАЦИИ ИЛИ ПРОИЗВОДСТВА | |
| Страна публикации | Российская Федерация |
| 110 ## - ПОЛЕ КОДИРОВАННЫХ ДАННЫХ: ПРОДОЛЖАЮЩИЕСЯ РЕСУРСЫ | |
| Кодированные данные продолжающегося ресурса | zu||||||||| |
| 200 1# - ЗАГЛАВИЕ И СВЕДЕНИЯ ОБ ОТВЕТСТВЕННОСТИ | |
| Основное заглавие | Теория и практика гуманизации педагогического процесса |
| Сведения, относящиеся к заглавию | сборник научно-методических трудов |
| Первые сведения об ответственности | ФГБОУ ВПО "Вост.-Сиб. гос. акад. образования", Иркут. регион. отд-ние Всерос. обществ. орг. "Центр гуман. педагогики" |
| 210 ## - ПУБЛИКАЦИЯ, РАСПРОСТРАНЕНИЕ И ДР. | |
| Место издания, распространения и т.д. | Иркутск |
| Имя издателя, распространителя и т. д. | ФГБОУ ВПО "Восточно-Сибирская государственная академия образования" |
| Дата издания, распространения и т.д. | 2013 - |
| 606 ## - НАИМЕНОВАНИЕ ТЕМЫ КАК ПРЕДМЕТ | |
| Наименование темы | Образование |
| Формальный подзаголовок | Периодические издания |
| Тематический подзаголовок | Гуманизация |
| Системный номер авторитетной/нормативной записи | 2492570 |
| Идентификатор авторитетной/нормативной записи | RU\NLR\AUTH\661478872 |
| 686 1# - ИНДЕКСЫ ДРУГИХ КЛАССИФИКАЦИЙ | |
| Индекс | Ч312.1я54 |
| 712 02 - НАИМЕНОВАНИЕ ОРГАНИЗАЦИИ - ВТОРИЧНАЯ ОТВЕТСТВЕННОСТЬ | |
| Код отношения | Прочие |
| Начальный элемент ввода | Восточно-Сибирская государственная академия образования |
| Идентифицирующий признак | Иркутск |
| Идентификатор авторитетной/нормативной записи | RU\NLR\AUTH\8810145075 |
| Системный номер авторитетной/нормативной записи | 784516 |
| 712 02 - НАИМЕНОВАНИЕ ОРГАНИЗАЦИИ - ВТОРИЧНАЯ ОТВЕТСТВЕННОСТЬ | |
| Код отношения | Прочие |
| Начальный элемент ввода | Иркутский государственный университет |
| Структурное подразделение | Педагогический институт |
| Идентификатор авторитетной/нормативной записи | RU\NLR\AUTH\880397122 |
| Системный номер авторитетной/нормативной записи | 460840 |
| 852 ## - МЕСТОНАХОЖДЕНИЕ И ШИФР ХРАНЕНИЯ | |
| Идентификатор организации | NLR |
| Шифр хранения (Call Number) | П28/2606 |
| 942 ## - ДОПОЛНИТЕЛЬНЫЕ ЭЛЕМЕНТЫ ЗАПИСИ (АБИС) | |
| Тип экземпляра АБИС | Сборник |
| 980 ## - КОЛЛЕКЦИЯ | |
| Название коллекции | Русская периодика |
Нет доступных экземпляров.